La novela

Saved in:
Bibliografiske detaljer
Hovedforfatter: Bourneuf, Roland
Andre forfattere: Quellet, Réal
Format: Bog
Sprog:spansk
Udgivet: Barcelona, España Ariel 1985
Udgivelse:Cuarta edición
Serier:Letras e Ideas, Instrumentos
Fag:
Tags: Tilføj Tag
Ingen Tags, Vær først til at tagge denne postø!

MARC

LEADER 00000nam a2200000 a 4500
001 UCX0440
003 CL-VaPUC
005 20220826074541.0
008 891018e19850000SP |||||||||||||||||spa|d
999 |c 222042  |d 222040 
040 |c Pontificia Universidad Católica de Valparaíso 
082 0 4 |a 809.3 BOU 1985  |2 21 
100 0 |a Bourneuf, Roland  |9 315858 
245 1 3 |a La novela 
250 |a Cuarta edición 
260 0 3 |a Barcelona, España  |b Ariel  |c 1985 
300 |a 283 páginas 
490 0 |a Letras e Ideas, Instrumentos 
583 |a last modification  |c 19891018 00:00:00  |k Rodrigo Vera 
650 0 |a Novela   |9 313705 
650 0 |a Historia y crítica   |9 257407 
650 7 |a TECNICAS  |2 CL-VaPUC  |9 315860 
700 0 |a Quellet, Réal  |9 315859 
942 |c BK  |2 ddc 
945 |d 19891018 00:00:00  |a oaravena 
952 |0 0  |1 0  |2 ddc  |4 0  |6 809_300000000000000_BOU_1985  |7 0  |8 A  |9 216215  |a BIBEDU  |b BIBEDU  |d 2019-11-15  |i 3002977  |o 809.3 BOU 1985  |p 3002977  |r 2019-11-15  |t 1  |w 2019-11-15  |y BK  |k LIT 
952 |0 0  |1 0  |2 ddc  |4 0  |6 809_300000000000000_BOU_1985  |7 0  |8 A  |9 216216  |a BIBEDU  |b BIBEDU  |d 2019-11-15  |i 2974991  |o 809.3 BOU 1985  |p 2974991  |r 2019-11-15  |t 2  |w 2019-11-15  |y BK  |k LIT